[Event "Limba Open A"]
[Site "Poronin"]
[Date "2021.05.28"]
[Round "9.1"]
[White "Malek, Szymon"]
[Black "Jaworski, Tymon"]
[Result "0-1"]
[LiveChessVersion "1.4.8"]
[BlackElo "1573"]
[WhiteElo "1486"]

1. e4 {[%clk 1:30:58]} e5 {[%clk 1:30:52]} 2. Nf3 {[%clk 1:31:23]} Nc6
{[%clk 1:31:13]} 3. Bc4 {[%clk 1:31:47]} Bc5 {[%clk 1:31:00]} 4. c3
{[%clk 1:32:12]} Nf6 {[%clk 1:30:26]} 5. d4 {[%clk 1:32:32]} exd4
{[%clk 1:29:55]} 6. O-O {[%clk 1:32:45]} Nxe4 {[%clk 1:29:32]} 7. cxd4
{[%clk 1:33:07]} d5 {[%clk 1:29:09]} 8. dxc5 {[%clk 1:33:30]} dxc4
{[%clk 1:29:33]} 9. Qe2 {[%clk 1:33:54]} Qd3 {[%clk 1:29:50]} 10. Re1
{[%clk 1:34:19]} f5 {[%clk 1:29:53]} 11. Nbd2 {[%clk 1:34:42]} O-O
{[%clk 1:29:45]} 12. Nxe4 {[%clk 1:35:07]} fxe4 {[%clk 1:30:05]} 13. Qxe4
{[%clk 1:35:31]} Bf5 {[%clk 1:30:23]} 14. Qh4 {[%clk 1:35:52]} Rae8
{[%clk 1:30:13]} 15. Bf4 {[%clk 1:36:09]} Re4 {[%clk 1:28:23]} 16. Qg3
{[%clk 1:36:26]} Rfe8 {[%clk 1:13:48]} 17. Red1 {[%clk 1:12:23]} Qe2
{[%clk 1:11:07]} 18. Qg5 {[%clk 0:56:13]} Nd4 {[%clk 0:51:06]} 19. Nd2
{[%clk 0:42:17]} Qxd1+ {[%clk 0:45:57]} 20. Rxd1 {[%clk 0:42:14]} Re1+
{[%clk 0:46:22]} 21. Nf1 {[%clk 0:42:04]} Rxd1 {[%clk 0:46:03]} 22. h3
{[%clk 0:40:19]} h6 {[%clk 0:38:41]} 23. Qh5 {[%clk 0:38:31]} Ree1
{[%clk 0:37:26]} 24. Kh2 {[%clk 0:34:36]} Rxf1 {[%clk 0:32:48]} 25. Be5
{[%clk 0:29:57]} Bd7 {[%clk 0:29:28]} 26. f4 {[%clk 0:19:34]} Nf5 0-1

[Event "Limba Open A"]
[Site "Poronin"]
[Date "2021.05.28"]
[Round "9.2"]
[White "Cieslak, Patryk"]
[Black "Miler, Franciszek"]
[Result "1/2-1/2"]
[LiveChessVersion "1.4.8"]
[BlackElo "1573"]
[WhiteElo "1337"]

1. e4 {[%clk 1:30:58]} c5 {[%clk 1:30:45]} 2. Nf3 {[%clk 1:31:19]} d6
{[%clk 1:30:39]} 3. d4 {[%clk 1:31:38]} cxd4 {[%clk 1:31:02]} 4. Nxd4
{[%clk 1:32:01]} Nf6 {[%clk 1:31:23]} 5. f3 {[%clk 1:32:23]} Nc6 {[%clk 1:31:14]}
6. c4 {[%clk 1:32:45]} g6 {[%clk 1:31:18]} 7. Nc3 {[%clk 1:32:58]} Bg7
{[%clk 1:31:38]} 8. Nc2 {[%clk 1:32:56]} O-O {[%clk 1:31:43]} 9. Be3
{[%clk 1:33:02]} Bd7 {[%clk 1:30:04]} 10. Be2 {[%clk 1:32:57]} Rc8
{[%clk 1:29:09]} 11. O-O {[%clk 1:32:36]} Na5 {[%clk 1:21:38]} 12. b3
{[%clk 1:31:08]} Qc7 {[%clk 1:18:43]} 13. Nd4 {[%clk 1:28:14]} a6
{[%clk 1:17:59]} 14. Rc1 {[%clk 1:24:46]} Nc6 {[%clk 1:14:42]} 15. Nd5
{[%clk 1:24:14]} Qd8 {[%clk 1:13:23]} 16. Nxc6 {[%clk 1:23:20]} Rxc6
{[%clk 1:09:04]} 17. Qd2 {[%clk 1:22:44]} Nxd5 {[%clk 1:05:24]} 18. cxd5
{[%clk 1:22:49]} Rxc1 {[%clk 1:03:40]} 19. Rxc1 {[%clk 1:22:58]} Qb8
{[%clk 0:59:52]} 20. Bd3 {[%clk 1:20:30]} Rc8 {[%clk 0:58:46]} 21. Rxc8+
{[%clk 1:20:21]} Qxc8 {[%clk 0:59:00]} 22. Qc2 {[%clk 1:20:28]} Qxc2
{[%clk 0:58:04]} 23. Bxc2 {[%clk 1:20:57]} f5 {[%clk 0:53:30]} 24. Kf2
{[%clk 1:20:39]} Kf7 {[%clk 0:50:32]} 1/2-1/2

[Event "Limba Open A"]
[Site "Poronin"]
[Date "2021.05.28"]
[Round "9.3"]
[White "Jozefik, Aleksander"]
[Black "Lazniewska, Zofia"]
[Result "1/2-1/2"]
[LiveChessVersion "1.4.8"]
[BlackElo "1548"]
[WhiteElo "1568"]

1. e4 {[%clk 1:30:57]} c5 {[%clk 1:30:55]} 2. Nf3 {[%clk 1:31:10]} Nc6
{[%clk 1:31:18]} 3. Bb5 {[%clk 1:30:51]} d6 {[%clk 1:31:39]} 4. O-O
{[%clk 1:30:47]} Bd7 {[%clk 1:32:05]} 5. Re1 {[%clk 1:30:40]} Nf6
{[%clk 1:32:24]} 6. c3 {[%clk 1:30:33]} a6 {[%clk 1:32:36]} 7. Bf1
{[%clk 1:30:14]} Bg4 {[%clk 1:32:52]} 8. d4 {[%clk 1:26:49]} cxd4
{[%clk 1:30:49]} 9. cxd4 {[%clk 1:27:11]} e6 {[%clk 1:26:23]} 10. d5
{[%clk 1:22:40]} Ne5 {[%clk 1:12:14]} 11. Nbd2 {[%clk 1:17:18]} Nxf3+
{[%clk 1:11:21]} 12. Nxf3 {[%clk 1:17:33]} e5 {[%clk 1:11:11]} 13. h3
{[%clk 1:17:04]} Bh5 {[%clk 1:11:10]} 14. Qb3 {[%clk 1:15:32]} Rb8
{[%clk 1:08:49]} 15. Bd2 {[%clk 1:07:04]} Be7 {[%clk 1:08:26]} 16. Rac1
{[%clk 1:07:03]} O-O {[%clk 1:08:21]} 17. Bb4 {[%clk 1:00:00]} 1/2-1/2

[Event "Limba Open A"]
[Site "Poronin"]
[Date "2021.05.28"]
[Round "9.4"]
[White "Wojtas, Julia"]
[Black "Duda, Szymon"]
[Result "0-1"]
[LiveChessVersion "1.4.8"]
[BlackElo "1411"]
[WhiteElo "1549"]

1. e4 {[%clk 1:30:57]} e5 {[%clk 1:30:39]} 2. Nf3 {[%clk 1:31:21]} Nf6
{[%clk 1:30:35]} 3. Nxe5 {[%clk 1:31:34]} d6 {[%clk 1:30:55]} 4. Nf3
{[%clk 1:31:42]} Nxe4 {[%clk 1:31:07]} 5. Nc3 {[%clk 1:31:37]} Nf6
{[%clk 1:29:42]} 6. d4 {[%clk 1:28:30]} d5 {[%clk 1:28:40]} 7. Bd3
{[%clk 1:25:27]} Be7 {[%clk 1:26:36]} 8. Bf4 {[%clk 1:23:12]} c6 {[%clk 1:26:32]}
9. Qd2 {[%clk 1:21:23]} Nbd7 {[%clk 1:24:39]} 10. O-O-O {[%clk 1:15:31]} Nf8
{[%clk 1:21:06]} 11. h3 {[%clk 1:01:55]} Ne6 {[%clk 1:20:49]} 12. Be3
{[%clk 0:59:40]} a5 {[%clk 1:18:15]} 13. Ne5 {[%clk 0:56:07]} a4 {[%clk 1:15:58]}
14. a3 {[%clk 0:53:34]} Nd7 {[%clk 1:09:37]} 15. Nxd7 {[%clk 0:48:25]} Bxd7
{[%clk 1:09:28]} 16. f4 {[%clk 0:47:59]} b5 {[%clk 1:06:10]} 17. f5
{[%clk 0:46:12]} Nc7 {[%clk 1:04:37]} 18. Na2 {[%clk 0:45:49]} Na6
{[%clk 0:56:55]} 19. Qe2 {[%clk 0:42:51]} Kf8 {[%clk 0:54:40]} 20. g4
{[%clk 0:34:58]} Bg5 {[%clk 0:47:48]} 21. Kb1 {[%clk 0:30:43]} Qf6
{[%clk 0:45:14]} 22. Bxg5 {[%clk 0:30:12]} Qxg5 {[%clk 0:45:25]} 23. h4
{[%clk 0:30:01]} Qf4 {[%clk 0:42:54]} 24. Rhf1 {[%clk 0:24:58]} Qd6
{[%clk 0:41:17]} 25. g5 {[%clk 0:24:31]} h6 {[%clk 0:39:02]} 26. f6
{[%clk 0:19:46]} g6 {[%clk 0:31:13]} 27. gxh6 {[%clk 0:11:33]} Rxh6
{[%clk 0:29:28]} 28. Qe3 {[%clk 0:10:59]} Rh8 {[%clk 0:22:01]} 29. Qg5
{[%clk 0:06:33]} Rh5 {[%clk 0:21:13]} 30. Qg2 {[%clk 0:06:26]} Rxh4
{[%clk 0:19:00]} 31. Qg5 {[%clk 0:06:33]} Qh2 {[%clk 0:17:41]} 32. Rh1
{[%clk 0:04:33]} Qxh1 {[%clk 0:17:58]} 33. Rxh1 {[%clk 0:04:59]} Rxh1+
{[%clk 0:18:24]} 34. Nc1 {[%clk 0:05:24]} Re8 {[%clk 0:17:14]} 35. b4
{[%clk 0:01:36]} Ree1 {[%clk 0:12:30]} 36. Qg3 {[%clk 0:01:44]} Rxc1+
{[%clk 0:11:40]} 37. Kb2 {[%clk 0:02:09]} Be8 {[%clk 0:11:12]} 38. Qd6+
{[%clk 0:02:10]} Kg8 {[%clk 0:11:37]} 39. Bxg6 {[%clk 0:01:18]} Nxb4
{[%clk 0:01:30]} 40. axb4 {[%clk 0:01:19]} Rb1+ {[%clk 0:00:49]} 41. Ka2
{[%clk 0:01:09]} Ra1+ {[%clk 0:01:07]} 42. Kb2 {[%clk 0:01:35]} Rab1+
{[%clk 0:00:50]} 43. Kc3 {[%clk 0:01:35]} a3 {[%clk 0:00:35]} 44. Bxf7+
{[%clk 0:01:30]} Kh7 {[%clk 0:00:32]} 45. Qf8 {[%clk 0:01:30]} Rh3+
{[%clk 0:00:31]} 46. Kd2 {[%clk 0:01:47]} Rh2+ {[%clk 0:00:32]} 47. Ke3
{[%clk 0:01:32]} Rg1 {[%clk 0:00:38]} 48. Bxe8 {[%clk 0:01:19]} a2
{[%clk 0:00:32]} 49. Qf7+ {[%clk 0:01:17]} Kh8 {[%clk 0:00:33]} 50. Qf8+
{[%clk 0:01:25]} Kh7 {[%clk 0:01:01]} 51. Qe7+ {[%clk 0:01:44]} Kh6
{[%clk 0:01:01]} 52. Qf8+ {[%clk 0:00:54]} Kh7 {[%clk 0:01:24]} 53. Qf7+
{[%clk 0:00:35]} Kh8 {[%clk 0:01:23]} 54. Qf8+ {[%clk 0:00:33]} Rg8
{[%clk 0:00:38]} 55. Qd6 {[%clk 0:00:35]} Rh3+ {[%clk 0:00:58]} 56. Kf2
{[%clk 0:00:32]} a1=Q {[%clk 0:01:15]} 57. f7 {[%clk 0:00:48]} Qg1+
{[%clk 0:01:25]} 58. Ke2 {[%clk 0:01:12]} Rg2# {[%clk 0:01:46]} 0-1

[Event "Limba Open A"]
[Site "Poronin"]
[Date "2021.05.28"]
[Round "9.5"]
[White "Ptaszynski, Szymon"]
[Black "Bartoszczuk, Adam"]
[Result "1-0"]
[LiveChessVersion "1.4.8"]
[BlackElo "1448"]
[WhiteElo "1529"]

1. d4 {[%clk 1:30:58]} Nf6 {[%clk 1:30:10]} 2. Nf3 {[%clk 1:31:05]} g6
{[%clk 1:30:16]} 3. Nc3 {[%clk 1:31:13]} Bg7 {[%clk 1:30:16]} 4. e4
{[%clk 1:30:47]} d6 {[%clk 1:30:23]} 5. Be2 {[%clk 1:30:35]} O-O {[%clk 1:28:53]}
6. O-O {[%clk 1:29:17]} Nbd7 {[%clk 1:27:10]} 7. h3 {[%clk 1:22:33]} e5
{[%clk 1:25:52]} 8. dxe5 {[%clk 1:21:27]} Nxe5 {[%clk 1:25:21]} 9. Nxe5
{[%clk 1:21:27]} dxe5 {[%clk 1:25:46]} 10. Be3 {[%clk 1:21:52]} Be6
{[%clk 1:23:44]} 11. Qxd8 {[%clk 1:19:01]} Rfxd8 {[%clk 1:23:52]} 12. Rad1
{[%clk 1:18:50]} c6 {[%clk 1:20:58]} 13. b3 {[%clk 1:16:47]} b6 {[%clk 1:18:18]}
14. a4 {[%clk 1:14:52]} Bf8 {[%clk 1:16:09]} 15. Ba6 {[%clk 1:12:13]} Rxd1
{[%clk 1:09:30]} 16. Rxd1 {[%clk 1:11:09]} Rb8 {[%clk 1:09:33]} 17. f3
{[%clk 1:07:39]} Nd7 {[%clk 1:04:55]} 18. Be2 {[%clk 1:04:40]} a5
{[%clk 1:02:06]} 19. Kf2 {[%clk 1:01:31]} Kg7 {[%clk 0:57:39]} 20. h4
{[%clk 0:53:44]} f5 {[%clk 0:27:25]} 21. g3 {[%clk 0:50:09]} Bb4 {[%clk 0:25:29]}
22. Na2 {[%clk 0:49:27]} Be7 {[%clk 0:25:44]} 23. Kg2 {[%clk 0:44:00]} Nf6
{[%clk 0:19:55]} 24. Bd3 {[%clk 0:29:07]} fxe4 {[%clk 0:18:40]} 25. fxe4
{[%clk 0:29:11]} Ng4 {[%clk 0:18:17]} 26. Bg1 {[%clk 0:29:19]} h5
{[%clk 0:16:17]} 27. Be2 {[%clk 0:27:10]} c5 {[%clk 0:13:26]} 28. Nc3
{[%clk 0:24:45]} Rd8 {[%clk 0:13:32]} 29. Rxd8 {[%clk 0:23:15]} Bxd8
{[%clk 0:13:59]} 30. Bxg4 {[%clk 0:20:21]} Bxg4 {[%clk 0:14:22]} 31. Be3
{[%clk 0:20:24]} Be6 {[%clk 0:11:03]} 32. Bg5 {[%clk 0:19:06]} Bxg5
{[%clk 0:11:26]} 33. hxg5 {[%clk 0:19:31]} c4 {[%clk 0:11:52]} 34. bxc4 Bxc4
{[%clk 0:12:21]} 35. Kf3 {[%clk 0:09:18]} Kf7 {[%clk 0:12:25]} 36. Nd5
{[%clk 0:07:07]} Bxd5 {[%clk 0:11:57]} 37. exd5 {[%clk 0:07:16]} b5
{[%clk 0:10:26]} 38. axb5 {[%clk 0:07:19]} Ke8 {[%clk 0:10:51]} 39. b6
{[%clk 0:07:01]} Kd8 {[%clk 0:11:21]} 40. d6 {[%clk 0:07:15]} Kc8 41. Ke4 1-0

[Event "Limba Open A"]
[Site "Poronin"]
[Date "2021.05.28"]
[Round "9.7"]
[White "Dwilewicz, Andrzej"]
[Black "Lecki, Leonard"]
[Result "0-1"]
[LiveChessVersion "1.4.8"]
[BlackElo "1397"]
[WhiteElo "1587"]

1. Nf3 {[%clk 1:30:58]} c5 {[%clk 1:30:37]} 2. c4 {[%clk 1:31:15]} Nf6
{[%clk 1:31:00]} 3. Nc3 {[%clk 1:31:28]} d5 {[%clk 1:31:10]} 4. cxd5
{[%clk 1:31:34]} Nxd5 {[%clk 1:31:30]} 5. g3 {[%clk 1:31:49]} Nc7
{[%clk 1:31:28]} 6. Bg2 {[%clk 1:32:03]} Nc6 {[%clk 1:31:35]} 7. O-O
{[%clk 1:32:11]} e5 {[%clk 1:31:52]} 8. d3 {[%clk 1:29:49]} Be7 {[%clk 1:31:15]}
9. Re1 {[%clk 1:27:02]} Be6 {[%clk 1:31:12]} 10. b3 {[%clk 1:24:00]} O-O
{[%clk 1:30:36]} 11. Bb2 {[%clk 1:24:25]} f6 {[%clk 1:30:29]} 12. Rc1
{[%clk 1:22:24]} Rc8 {[%clk 1:30:09]} 13. Ne4 {[%clk 1:21:24]} b6
{[%clk 1:30:22]} 14. Nfd2 {[%clk 1:19:23]} Qd7 {[%clk 1:30:02]} 15. Nc4
{[%clk 1:18:34]} Rfd8 {[%clk 1:29:18]} 16. Qc2 {[%clk 1:12:41]} Kh8
{[%clk 1:29:08]} 17. Rcd1 {[%clk 1:12:51]} Nd5 {[%clk 1:28:23]} 18. Ne3
{[%clk 1:05:38]} Nd4 {[%clk 1:25:41]} 19. Qb1 {[%clk 1:05:04]} b5
{[%clk 1:25:14]} 20. Nxd5 {[%clk 1:04:56]} Bxd5 {[%clk 1:25:18]} 21. Bxd4
{[%clk 0:55:18]} cxd4 {[%clk 1:25:19]} 22. b4 {[%clk 0:52:40]} Rc6
{[%clk 1:21:06]} 23. a3 {[%clk 0:51:16]} Rdc8 {[%clk 1:20:48]} 24. Rc1
{[%clk 0:51:10]} Qc7 {[%clk 1:18:37]} 25. Rxc6 {[%clk 0:50:25]} Qxc6
{[%clk 1:18:37]} 26. f3 {[%clk 0:50:30]} Qc2 {[%clk 1:17:17]} 27. Bh3
{[%clk 0:47:37]} Qxb1 {[%clk 1:17:20]} 28. Rxb1 {[%clk 0:48:00]} Rc2
{[%clk 1:17:45]} 29. Kf2 {[%clk 0:48:10]} g6 {[%clk 1:16:49]} 30. g4
{[%clk 0:47:32]} Kg7 {[%clk 1:15:52]} 31. Ra1 {[%clk 0:45:37]} Bb3
{[%clk 1:15:15]} 32. Ke1 {[%clk 0:45:38]} Kf7 {[%clk 1:13:56]} 33. Nd2
{[%clk 0:45:55]} Ba4 {[%clk 1:14:04]} 34. Ne4 {[%clk 0:39:55]} a6
{[%clk 1:12:38]} 35. Bg2 {[%clk 0:39:30]} f5 {[%clk 1:11:52]} 36. gxf5
{[%clk 0:39:36]} gxf5 {[%clk 1:11:57]} 37. Nf2 {[%clk 0:37:22]} Bh4
{[%clk 1:11:03]} 38. Kf1 {[%clk 0:37:40]} Bg5 {[%clk 1:09:27]} 39. Nh3
{[%clk 0:32:22]} Bc1 {[%clk 1:07:52]} 40. f4 {[%clk 0:31:53]} exf4
{[%clk 1:06:10]} 41. Bd5+ {[%clk 0:30:17]} Kf6 {[%clk 1:06:14]} 42. Kf2
{[%clk 0:28:24]} Ke5 {[%clk 1:05:12]} 43. Bg8 {[%clk 0:28:26]} h6
{[%clk 1:02:27]} 44. Kf1 {[%clk 0:24:46]} f3 {[%clk 1:01:43]} 45. Ng1
{[%clk 0:23:35]} fxe2+ {[%clk 1:01:15]} 46. Nxe2 {[%clk 0:23:58]} Be3
{[%clk 1:01:26]} 47. h3 {[%clk 0:23:00]} f4 {[%clk 1:01:21]} 48. Ng1
{[%clk 0:18:55]} Rf2+ {[%clk 1:00:04]} 49. Ke1 {[%clk 0:19:14]} f3
{[%clk 0:59:00]} 50. h4 {[%clk 0:13:35]} Kf4 {[%clk 0:57:30]} 51. Nh3+
{[%clk 0:13:52]} Kg3 {[%clk 0:57:51]} 52. Nxf2 {[%clk 0:14:11]} Bxf2+
{[%clk 0:58:13]} 53. Kf1 {[%clk 0:14:01]} Be3 {[%clk 0:57:37]} 54. h5
{[%clk 0:13:13]} Bc2 {[%clk 0:57:04]} 55. Bh7 {[%clk 0:13:31]} Bb3
{[%clk 0:57:19]} 56. Bf5 {[%clk 0:12:10]} Bd5 {[%clk 0:56:34]} 57. a4
{[%clk 0:09:53]} f2 {[%clk 0:55:38]} 58. Be4 {[%clk 0:10:10]} Be6
{[%clk 0:55:29]} 59. Bg2 {[%clk 0:10:26]} Bf5 {[%clk 0:53:27]} 60. Be4
{[%clk 0:03:28]} Bh3+ {[%clk 0:53:09]} 61. Ke2 {[%clk 0:03:52]} bxa4
{[%clk 0:52:34]} 62. Bd5 {[%clk 0:03:26]} a3 {[%clk 0:52:24]} 63. Ba2
{[%clk 0:01:39]} Bg4+ {[%clk 0:48:56]} 64. Kf1 {[%clk 0:01:53]} Bf5
{[%clk 0:49:08]} 65. Bc4 {[%clk 0:01:52]} a2 {[%clk 0:49:09]} 66. Ke2
{[%clk 0:00:40]} Bg4+ {[%clk 0:49:27]} 67. Kf1 {[%clk 0:01:01]} Bh3+
{[%clk 0:49:53]} 68. Ke2 {[%clk 0:01:22]} f1=Q+ {[%clk 0:50:10]} 69. Rxf1
{[%clk 0:01:40]} Bg4+ {[%clk 0:49:59]} 0-1

[Event "Limba Open A"]
[Site "Poronin"]
[Date "2021.05.28"]
[Round "9.8"]
[White "Mytnik, Kinga"]
[Black "Kozlowski, Andrzej"]
[Result "1-0"]
[LiveChessVersion "1.4.8"]
[BlackElo "1565"]
[WhiteElo "1406"]

1. e4 {[%clk 1:30:56]} e6 {[%clk 1:30:52]} 2. d3 {[%clk 1:31:18]} d5
{[%clk 1:31:06]} 3. Nd2 {[%clk 1:31:37]} Nf6 {[%clk 1:31:03]} 4. Ngf3
{[%clk 1:31:05]} b6 {[%clk 1:30:16]} 5. e5 {[%clk 1:29:55]} Ng8 {[%clk 1:29:55]}
6. d4 {[%clk 1:29:37]} Ne7 {[%clk 1:29:33]} 7. c3 {[%clk 1:28:18]} Qd7
{[%clk 1:29:14]} 8. b3 {[%clk 1:27:18]} Ng6 {[%clk 1:26:15]} 9. g3
{[%clk 1:24:52]} a5 {[%clk 1:23:49]} 10. a4 {[%clk 1:23:35]} Ba6 {[%clk 1:23:12]}
11. Bxa6 {[%clk 1:21:37]} Nxa6 {[%clk 1:23:26]} 12. Qe2 {[%clk 1:20:58]} c5
{[%clk 1:19:40]} 13. O-O {[%clk 1:20:00]} Nb8 {[%clk 1:16:52]} 14. Ba3
{[%clk 1:16:43]} Nc6 {[%clk 1:13:28]} 15. Qb5 {[%clk 1:14:35]} Be7
{[%clk 1:07:07]} 16. Rac1 {[%clk 1:12:24]} O-O {[%clk 1:05:31]} 17. Rfe1
{[%clk 1:10:57]} Rfc8 {[%clk 0:59:02]} 18. Nb1 {[%clk 1:03:32]} Qc7
{[%clk 0:48:31]} 19. Qe2 {[%clk 1:01:21]} Qb7 {[%clk 0:47:14]} 20. Qe3
{[%clk 0:54:51]} Rab8 {[%clk 0:42:27]} 21. h4 {[%clk 0:48:54]} h5
{[%clk 0:28:15]} 22. Red1 {[%clk 0:41:59]} Na7 {[%clk 0:22:19]} 23. Ng5
{[%clk 0:41:20]} Nf8 {[%clk 0:17:21]} 24. Qf3 {[%clk 0:39:56]} Bxg5
{[%clk 0:16:41]} 25. hxg5 {[%clk 0:40:19]} g6 {[%clk 0:16:09]} 26. g4
{[%clk 0:40:10]} Nh7 {[%clk 0:13:34]} 27. gxh5 {[%clk 0:38:20]} Qe7
{[%clk 0:12:36]} 28. hxg6 {[%clk 0:37:32]} Qxg5+ {[%clk 0:11:36]} 29. Qg2
{[%clk 0:33:00]} fxg6 {[%clk 0:10:54]} 30. Rd3 {[%clk 0:32:27]} Qxg2+
{[%clk 0:08:59]} 31. Kxg2 {[%clk 0:32:48]} Rc7 {[%clk 0:06:29]} 32. Rg3
{[%clk 0:32:40]} Kg7 {[%clk 0:06:05]} 33. Nd2 {[%clk 0:32:39]} Rf8
{[%clk 0:04:58]} 34. Nf3 {[%clk 0:31:51]} Rf4 {[%clk 0:04:05]} 35. Rg1
{[%clk 0:29:32]} Nc8 {[%clk 0:02:45]} 36. Bc1 {[%clk 0:28:55]} Re4
{[%clk 0:02:25]} 37. Rh1 {[%clk 0:28:09]} cxd4 {[%clk 0:02:09]} 38. cxd4
{[%clk 0:19:21]} Rc2 {[%clk 0:02:19]} 39. Bh6+ {[%clk 0:17:42]} Kf7
{[%clk 0:01:59]} 40. Ng5+ {[%clk 0:14:10]} Nxg5 {[%clk 0:02:05]} 41. Bxg5
{[%clk 0:14:37]} Ree2 {[%clk 0:01:12]} 42. Rf3+ {[%clk 0:14:40]} Ke8
{[%clk 0:00:33]} 43. Rh7 {[%clk 0:14:47]} Re4 {[%clk 0:00:40]} 44. Rh8+
{[%clk 0:13:43]} Kd7 {[%clk 0:00:49]} 45. Rf7+ {[%clk 0:13:33]} Ne7
{[%clk 0:00:55]} 46. Rxe7+ {[%clk 0:13:51]} 1-0

[Event "Limba Open A"]
[Site "Poronin"]
[Date "2021.05.28"]
[Round "9.9"]
[White "Gaszka, Zuzanna"]
[Black "Sprzeczka, Emilia"]
[Result "1-0"]
[LiveChessVersion "1.4.8"]
[BlackElo "1491"]
[WhiteElo "1445"]

1. e4 {[%clk 1:30:57]} e5 {[%clk 1:30:54]} 2. Nf3 {[%clk 1:31:21]} Nc6
{[%clk 1:31:20]} 3. Bc4 {[%clk 1:31:44]} Bc5 {[%clk 1:31:11]} 4. c3
{[%clk 1:32:05]} Nf6 {[%clk 1:31:16]} 5. d3 {[%clk 1:32:29]} d6 {[%clk 1:30:56]}
6. Bb3 {[%clk 1:32:14]} a6 {[%clk 1:30:39]} 7. O-O {[%clk 1:31:56]} Ba7
{[%clk 1:29:49]} 8. Nbd2 {[%clk 1:29:49]} O-O {[%clk 1:29:34]} 9. h3
{[%clk 1:28:16]} h6 {[%clk 1:27:34]} 10. Re1 {[%clk 1:27:49]} Ne7
{[%clk 1:26:53]} 11. Nf1 {[%clk 1:25:16]} Ng6 {[%clk 1:26:27]} 12. Ng3
{[%clk 1:23:51]} Be6 {[%clk 1:25:24]} 13. Bc2 {[%clk 1:23:07]} Qd7
{[%clk 1:21:19]} 14. d4 {[%clk 1:11:23]} c6 {[%clk 1:16:24]} 15. Qe2
{[%clk 0:56:08]} Nf4 {[%clk 0:57:06]} 16. Bxf4 {[%clk 0:54:08]} exf4
{[%clk 0:57:28]} 17. Nf5 {[%clk 0:51:17]} g6 {[%clk 0:49:12]} 18. Nxd6
{[%clk 0:47:14]} Qxd6 {[%clk 0:49:20]} 19. e5 {[%clk 0:47:34]} Qe7
{[%clk 0:48:27]} 20. exf6 {[%clk 0:47:17]} Qxf6 {[%clk 0:47:57]} 21. Qe5
{[%clk 0:43:23]} Qxe5 {[%clk 0:39:23]} 22. Rxe5 {[%clk 0:39:41]} Bb8
{[%clk 0:33:58]} 23. Ree1 {[%clk 0:39:01]} Bd5 {[%clk 0:30:16]} 24. Be4
{[%clk 0:36:46]} Bxe4 {[%clk 0:28:03]} 25. Rxe4 {[%clk 0:37:10]} Bd6
{[%clk 0:26:06]} 26. Rae1 {[%clk 0:36:39]} f6 {[%clk 0:22:15]} 27. Nd2
{[%clk 0:35:12]} Rad8 {[%clk 0:20:50]} 28. Re6 {[%clk 0:32:36]} Bc7
{[%clk 0:17:56]} 29. Ne4 {[%clk 0:31:50]} Kg7 {[%clk 0:16:28]} 30. Nc5
{[%clk 0:30:23]} Rf7 {[%clk 0:11:56]} 31. Re7 {[%clk 0:28:34]} Kf8
{[%clk 0:06:44]} 32. Rxc7 {[%clk 0:28:01]} Rxc7 {[%clk 0:07:07]} 33. Ne6+
{[%clk 0:28:26]} Ke7 {[%clk 0:07:06]} 34. Nxc7+ {[%clk 0:28:20]} Kf7
{[%clk 0:06:52]} 35. Kf1 {[%clk 0:28:04]} 1-0

[Event "Limba Open A"]
[Site "Poronin"]
[Date "2021.05.28"]
[Round "9.10"]
[White "Socko, Weronika"]
[Black "Janicki, Tomasz"]
[Result "1/2-1/2"]
[LiveChessVersion "1.4.8"]
[BlackElo "1306"]
[WhiteElo "1747"]

1. d4 {[%clk 1:30:14]} Nf6 {[%clk 1:30:49]} 2. c4 {[%clk 1:30:34]} g6
{[%clk 1:31:11]} 3. Nc3 {[%clk 1:30:59]} Bg7 {[%clk 1:31:35]} 4. Nf3
{[%clk 1:31:20]} O-O {[%clk 1:31:56]} 5. e4 {[%clk 1:31:18]} d6 {[%clk 1:32:21]}
6. Be2 {[%clk 1:31:26]} Nbd7 {[%clk 1:32:41]} 7. O-O {[%clk 1:31:27]} e5
{[%clk 1:32:58]} 8. h3 {[%clk 1:27:49]} c6 {[%clk 1:27:44]} 9. Be3
{[%clk 1:25:18]} Qc7 {[%clk 1:25:00]} 10. Rc1 {[%clk 1:23:38]} Re8
{[%clk 1:24:16]} 11. d5 {[%clk 1:21:35]} c5 {[%clk 1:23:37]} 12. Ne1
{[%clk 1:19:23]} Rf8 {[%clk 1:23:35]} 13. Nd3 {[%clk 1:18:36]} Ne8
{[%clk 1:23:22]} 14. Qd2 {[%clk 1:16:50]} f5 {[%clk 1:23:18]} 15. exf5
{[%clk 1:13:59]} gxf5 {[%clk 1:23:25]} 16. f4 {[%clk 1:09:09]} Ndf6
{[%clk 1:17:31]} 17. fxe5 {[%clk 1:08:12]} dxe5 {[%clk 1:17:50]} 18. Nb5
{[%clk 1:03:42]} Qd8 {[%clk 1:15:39]} 19. Bxc5 {[%clk 1:00:01]} Ne4
{[%clk 1:14:53]} 20. Qb4 {[%clk 0:57:13]} a5 {[%clk 1:13:00]} 21. Qa3
{[%clk 0:56:36]} Qg5 {[%clk 1:08:40]} 22. Rce1 {[%clk 0:42:18]} Nd2
{[%clk 1:01:21]} 23. Bxf8 {[%clk 0:36:29]} Bxf8 {[%clk 1:01:44]} 24. Qc3
{[%clk 0:33:36]} Nxf1 {[%clk 1:01:39]} 25. Bxf1 {[%clk 0:33:08]} e4
{[%clk 1:01:13]} 26. Nc1 {[%clk 0:28:45]} Bc5+ {[%clk 0:59:51]} 27. Kh1
{[%clk 0:28:50]} Bb4 {[%clk 0:59:17]} 28. Qe5 {[%clk 0:29:11]} Bxe1
{[%clk 0:58:10]} 29. Qxe8+ {[%clk 0:29:24]} Kg7 {[%clk 0:58:11]} 30. Nd6
{[%clk 0:24:14]} Bg3 {[%clk 0:52:53]} 31. Qf7+ {[%clk 0:19:50]} Kh6
{[%clk 0:53:15]} 32. Qf8+ {[%clk 0:15:55]} Qg7 {[%clk 0:51:20]} 33. Nf7+
{[%clk 0:13:15]} Kg6 {[%clk 0:50:59]} 34. Nh8+ {[%clk 0:12:57]} Kh6
{[%clk 0:51:18]} 35. Nf7+ {[%clk 0:08:48]} Kg6 {[%clk 0:50:50]} 36. Nh8+
{[%clk 0:08:15]} Kh6 {[%clk 0:51:12]} 37. Qe8 Bd7 38. Nf7+ Kg6 39. Ne5+ Kh6
1/2-1/2

[Event "Limba Open A"]
[Site "Poronin"]
[Date "2021.05.28"]
[Round "9.11"]
[White "Suska, Szymon"]
[Black "Klim, Juliusz"]
[Result "1-0"]
[LiveChessVersion "1.4.8"]
[BlackElo "1289"]
[WhiteElo "1587"]

1. e4 {[%clk 1:30:58]} e5 {[%clk 1:30:55]} 2. Nc3 {[%clk 1:31:20]} Nf6
{[%clk 1:30:45]} 3. Bc4 {[%clk 1:31:28]} Nxe4 {[%clk 1:30:56]} 4. Qh5
{[%clk 1:31:23]} Nd6 {[%clk 1:31:10]} 5. Qxe5+ {[%clk 1:28:48]} Qe7
{[%clk 1:31:04]} 6. Qxe7+ {[%clk 1:29:11]} Bxe7 {[%clk 1:31:23]} 7. Bb3
{[%clk 1:29:38]} c6 {[%clk 1:29:38]} 8. d4 {[%clk 1:29:40]} Nf5 {[%clk 1:26:38]}
9. d5 {[%clk 1:29:52]} O-O {[%clk 1:24:35]} 10. Nf3 {[%clk 1:29:02]} Bf6
{[%clk 1:19:07]} 11. O-O {[%clk 1:26:03]} b6 {[%clk 1:17:25]} 12. Ne4
{[%clk 1:24:47]} Bd8 {[%clk 1:15:47]} 13. Bf4 {[%clk 1:22:57]} Bb7
{[%clk 1:12:24]} 14. Rad1 {[%clk 1:22:32]} c5 {[%clk 1:08:20]} 15. Rfe1
{[%clk 1:20:43]} Na6 {[%clk 1:05:42]} 16. Nd6 {[%clk 1:20:48]} Bc7
{[%clk 1:04:05]} 17. Nxf5 {[%clk 1:20:16]} Bxf4 {[%clk 1:04:07]} 18. g3
{[%clk 1:20:10]} Bc7 {[%clk 1:02:22]} 19. Ng5 {[%clk 1:15:53]} d6
{[%clk 0:58:26]} 20. Ba4 {[%clk 1:12:19]} g6 {[%clk 0:56:48]} 21. Ne3
{[%clk 1:10:42]} h6 {[%clk 0:48:42]} 22. Ne4 {[%clk 1:10:22]} f5 {[%clk 0:48:50]}
23. Nc3 {[%clk 1:07:57]} f4 {[%clk 0:48:24]} 24. Nc4 {[%clk 1:07:31]} fxg3
{[%clk 0:48:00]} 25. fxg3 {[%clk 1:07:14]} Rf6 {[%clk 0:42:56]} 26. Re7
{[%clk 1:07:05]} Rb8 {[%clk 0:40:51]} 27. Ne4 {[%clk 1:04:40]} Rf5
{[%clk 0:41:15]} 28. Ncxd6 {[%clk 1:04:15]} Bxd6 {[%clk 0:39:38]} 29. Nxd6
{[%clk 1:04:25]} Rxd5 {[%clk 0:39:45]} 30. Bb3 {[%clk 1:04:42]} 1-0